Osmo : Math Wizard and the magical workshop (BOX 1 WT: 670.3) (BOX 2 WT. 671.3 g)
An addition & subtraction adventure for ages 6-8! Brew potions with dragon claws and magic sparkles to master place value on a magical quest. Then, add and subtract balloons to help dragons fly! Part of the Osmo Math Series for 1st & 2nd grade math curriculum learning.
Record details
- Physical Description: 1 electronic game (1 mixing mat,28 counting cubes, 6 counting rods, 1 postcard) : plastic, cardboard ; in slipcase 23 x 14 x 4 cm + access to Osmo Newton & Masterpiece apps
- Publisher: Palo Alto, California : Tangible Play, [2020]
Content descriptions
| General Note: | Not for children under 3 yrs. Small Parts. Required for use: Osmo base, iPad or Fire tablet. |
| Target Audience Note: | Ages 6-8. Grades 1 & 2. |
| Language Note: | Instructions in English, French, Italian, Portuguese, Chinese, Dutch, Spanish, Norwegian, and Japanese. |
Search for related items by subject
| Subject: | Mathematics > Study and teaching. Addition > Study and teaching. Subtraction > Study and teaching. Nonverbal communication > Study and teaching. |
| Genre: | Computer games. Stem kit Educational games. |
Available copies
- 2 of 2 copies available at scottsboropl.
Holds
- 0 current holds with 2 total copies.
Other Formats and Editions
Show Only Available Copies
| Location | Call Number / Copy Notes | Barcode | Shelving Location | Status | Due Date |
|---|---|---|---|---|---|
| scottsboropl | REA Osm | 32269001217549 | Juvenile - Display | Available | - |
| scottsboropl | REA osm | 32269001217572 | STEM - Storage | Available | - |
| LDR | 02669com a2200541 i 4500 | ||
|---|---|---|---|
| 001 | 161946 | ||
| 003 | SBPL | ||
| 005 | 20231013165925.0 | ||
| 008 | 210203t20202020caunnn j gneng d | ||
| 024 | 1 | 0. | ‡a850001161886 |
| 035 | . | ‡a(OCoLC)1236030947 | |
| 245 | 0 | 0. | ‡aOsmo : ‡bMath Wizard and the magical workshop (BOX 1 WT: 670.3) (BOX 2 WT. 671.3 g) |
| 246 | 3 | 0. | ‡aMath Wizard and the magical workshop |
| 264 | 1. | ‡aPalo Alto, California : ‡bTangible Play, ‡c[2020] | |
| 300 | . | ‡a1 electronic game (1 mixing mat,28 counting cubes, 6 counting rods, 1 postcard) : ‡bplastic, cardboard ; ‡cin slipcase 23 x 14 x 4 cm + ‡eaccess to Osmo Newton & Masterpiece apps | |
| 336 | . | ‡atactile three-dimensional form ‡btcf ‡2rdacontent | |
| 337 | . | ‡aother ‡bx ‡2rdamedia | |
| 338 | . | ‡aobject ‡bnr ‡2rdacarrier | |
| 546 | . | ‡aInstructions in English, French, Italian, Portuguese, Chinese, Dutch, Spanish, Norwegian, and Japanese. | |
| 500 | . | ‡aNot for children under 3 yrs. Small Parts. | |
| 500 | . | ‡aRequired for use: Osmo base, iPad or Fire tablet. | |
| 521 | 1 | . | ‡aAges 6-8. |
| 521 | 2 | . | ‡aGrades 1 & 2. |
| 520 | . | ‡aAn addition & subtraction adventure for ages 6-8! Brew potions with dragon claws and magic sparkles to master place value on a magical quest. Then, add and subtract balloons to help dragons fly! Part of the Osmo Math Series for 1st & 2nd grade math curriculum learning. | |
| 650 | 0. | ‡aMathematics ‡xStudy and teaching. | |
| 650 | 0. | ‡aAddition ‡xStudy and teaching. | |
| 650 | 0. | ‡aSubtraction ‡xStudy and teaching. | |
| 650 | 0. | ‡aNonverbal communication ‡xStudy and teaching. | |
| 655 | 0. | ‡aComputer games. | |
| 655 | 0 | . | ‡aStem kit |
| 655 | 7. | ‡aEducational games. ‡2lcgft | |
| 710 | 2 | . | ‡aTangible Play, ‡epublisher. |
| 901 | . | ‡a161946 ‡bAUTOGEN ‡c161946 ‡tbiblio | |